| 000 | 01612nam a22002657a 4500 | ||
|---|---|---|---|
| 999 |
_c56849 _d56849 |
||
| 003 | GE_BSU | ||
| 005 | 20190516214207.0 | ||
| 008 | 190513s2009 ge ||||| |||| 00| 0 geo d | ||
| 020 | _a9789941412004 | ||
| 041 | _ageo | ||
| 080 | _a37.013.42(075.8) მ-47 | ||
| 100 |
_aმეგრელაძე, ციალა _91081 |
||
| 245 |
_aსოციალური პედაგოგიკა : _bბავშვის სოციალური პრობლემები - სკოლის სოციალური მუშაკი / _cციალა მეგრელაძე, ხათუნა მახარაშვილი, გენადი გელაძე.; რედ. ნ. ბარამიძე. |
||
| 264 |
_aბათუმი : _bბათუმის შოთა რუსთაველის სახელმწიფო უნივერსიტეტი, _c2009. |
||
| 300 |
_a166 გვ.; _b19 სმ. |
||
| 504 | _aბიბლიოგრ. : გვ. 160-163. | ||
| 653 | _aპედაგოგიკა | ||
| 653 | _aსოციალური პედაგოგიკა | ||
| 700 |
_aმახარაშვილი, ხათუნა _eავტორი _91082 |
||
| 700 |
_aგელაძე, გენადი _eავტორი _91083 |
||
| 700 |
_aბარამიძე, ნ. _eრედაქტორი _91284 |
||
| 700 |
_aბიბილეიშვილი, იური _eრედაქტორი _9800 |
||
| 700 |
_aთავდგირიძე, ლელა _eრედაქტორი _91294 |
||
| 942 |
_2udc _cBK |
||